| 000 | 00643nam a2200193Ia 4500 | ||
|---|---|---|---|
| 008 | 140626s9999 xx 000 0 und d | ||
| 100 | _aChung, Jaihak. | ||
| 245 | 2 |
_aA general consumer preference model for experience products : _b application to Internet recommendation / _cJaihak Chung ... [et al.]. |
|
| 260 | _cc2012. | ||
| 300 | _a49 : 3, page 289 | ||
| 440 | _aJournal of Marketing Research | ||
| 521 | _aBSBA | ||
| 650 | _aBayesian latent residuals. | ||
| 650 | _aCollaborative filtering. | ||
| 650 | _aConsumer preference model. | ||
| 650 | _aExperience products. | ||
| 650 | _aOnline recommendation service. | ||
| 942 | _cSE | ||
| 999 |
_c121031 _d121031 |
||